书目信息 |
| 题名: |
雅思周计划
|
|
| 作者: | 宋蕾 编著 | |
| 分册: | 语法 | |
| 出版信息: | 北京 中国人民大学出版社 2014.12 |
|
| 页数: | 232页 | |
| 开本: | 26cm | |
| 丛书名: | ||
| 单 册: | ||
| 中图分类: | H310.41 | |
| 科图分类: | ||
| 主题词: | 英语--ying yu--语法--水平考试--自学参考资料 | |
| 电子资源: | ||
| ISBN: | 978-7-300-20221-1 | |
| 000 | 00860nam 22002651 450 | |
| 001 | CAL 0120141458727 | |
| 005 | 20150819133559.98 | |
| 010 | @a978-7-300-20221-1@dCNY39.80 | |
| 100 | @a20141223d2014 em y0chiy50 ea | |
| 101 | 0 | @achi@aeng |
| 102 | @aCN@b110000 | |
| 105 | @ak z 000yy | |
| 106 | @ar | |
| 200 | 1 | @a雅思周计划@Aya si zhou ji hua@i语法@f宋蕾编著 |
| 205 | @a第3版 | |
| 210 | @a北京@c中国人民大学出版社@d2014.12 | |
| 215 | @a232页@d26cm | |
| 330 | @a本书内容包括: 词的种类 ; 动词时态 ; 被动语态 ; 非谓语动词 ; 独立主格结构 ; 简单句 ; 并列句 ; 主从复合句 ; 强调句 ; 虚拟语气 ; 倒装结构 ; 省略句等。 | |
| 517 | 1 | @a语法@Ayu fa |
| 586 | @a | |
| 606 | 0 | @a英语@Aying yu@x语法@x水平考试@j自学参考资料 |
| 690 | @aH310.41@v5 | |
| 701 | 0 | @a宋蕾@Asong lei@4编著 |
| 801 | 0 | @aCN@c20150820 |
| 905 | @a河南城建学院图书馆@dH310.41@eS772@f2 | |
| 雅思周计划.语法/宋蕾编著.-第3版.-北京:中国人民大学出版社,2014.12 |
| 232页;26cm |
| ISBN 978-7-300-20221-1:CNY39.80 |
| 本书内容包括: 词的种类 ; 动词时态 ; 被动语态 ; 非谓语动词 ; 独立主格结构 ; 简单句 ; 并列句 ; 主从复合句 ; 强调句 ; 虚拟语气 ; 倒装结构 ; 省略句等。 |
| ● |
| 相关链接 |
|
|
|
正题名:雅思周计划
索取号:H310.41/S772
 
预约/预借
| 序号 | 登录号 | 条形码 | 馆藏地/架位号 | 状态 | 备注 |
| 1 | 1166044 | 211660442 | 语言库209/209语言库 95排3列5层/ [索取号:H310.41/S772] | 在馆 | |
| 2 | 1166045 | 211660451 | 语言库209/209语言库 95排3列5层/ [索取号:H310.41/S772] | 在馆 |